000
00294nam a2200109 a 4500
005
20201002044929.0
008
140404s1972 000 spa d
100
_a
Mistral, Federico
_9
71528
245
0
_a
Mireia : poema provenzal.
260
_a
Madrid -- Libra,
_c
1972 -- 189 p.
999
_c
43200
_d
43200
040
_a
DO-SdBNP